ব্যথা নিরাময়ে ব্যায়াম / (Record no. 10726)
[ view plain ]
| 000 -LEADER | |
|---|---|
| fixed length control field | 00662nam a2200217 a 4500 |
| 001 - CONTROL NUMBER | |
| JCCL Control Number | 10726 |
| 003 - CONTROL NUMBER IDENTIFIER | |
| JCCL marc code | BD-JhCC |
| 005 - DATE AND TIME OF LATEST TRANSACTION | |
| control field | 20230110134023.0 |
| 008 - FIXED-LENGTH DATA ELEMENTS--GENERAL INFORMATION | |
| fixed length control field | 180812b2014 bg a|||| ||a| 000 0 ben d |
| 020 ## - INTERNATIONAL STANDARD BOOK NUMBER | |
| International Standard Book Number | 9789849080282 |
| 035 ## - SYSTEM CONTROL NUMBER | |
| system control number | (BD-JhCC)10726 |
| 040 ## - CATALOGING SOURCE | |
| Original cataloging agency | BD-JhCC |
| Modifying agency | BD-JhCC |
| 041 ## - LANGUAGE CODE | |
| Language code of Book | ben |
| 082 ## - DEWEY DECIMAL CLASSIFICATION NUMBER | |
| Classification number | 610 |
| Author mark and Year | SHA 2014 |
| 100 ## - MAIN ENTRY--PERSONAL NAME | |
| Personal name | শাকুর, ডা.এম এ |
| 245 ## - TITLE STATEMENT | |
| Title | ব্যথা নিরাময়ে ব্যায়াম / |
| Statement of responsibility, etc | ডা.এম এ শাকুর |
| 260 ## - PUBLICATION, DISTRIBUTION, ETC. (IMPRINT) | |
| Place of publication, distribution, etc | ঢাকা : |
| Name of publisher, distributor, etc | অনিন্দ্য প্রকাশ ; |
| Date of publication, distribution, etc | 2014. |
| 300 ## - PHYSICAL DESCRIPTION | |
| Pagination | 79 p. : |
| Other physical details | ill; |
| Dimensions | 20 cm |
| 942 ## - ADDED ENTRY ELEMENTS (KOHA) | |
| Source of classification or shelving scheme | Library of Congress Classification |
| Koha item type | Books |
| Koha issues (borrowed), all copies | 2 |
| Source of classification or shelving scheme | Damaged status | Not for loan | Home library | Current library | Shelving location | Date of accession | Cost, normal purchase price | Total Checkouts | Full call number | Barcode | Date last seen | Date checked out | Copy number | Koha item type |
|---|---|---|---|---|---|---|---|---|---|---|---|---|---|---|
| Dewey Decimal Classification | JCC Rouf Library | JCC Rouf Library | General Stacks | 08/12/2018 | 120.00 | 1 | 610 SHA 2014 | 14538 | 04/09/2024 | 11/06/2022 | C-1 | Books | ||
| Dewey Decimal Classification | JCC Rouf Library | JCC Rouf Library | General Stacks | 08/12/2018 | 120.00 | 1 | 610 SHA 2014 | 14537 | 01/09/2023 | 01/09/2023 | C-2 | Books |